00715 a2200205 4500003000500000005001700005010001300022040000900035082001300044100003000057245003200087260004200119300002300161505012700184600003000311650001600341942001200357999001900369952012100388Nust20230525112934.0 a28017388 cNust a823, GAL aGalsworthy, John,9112580 aSwan songc John Galsworthy aNew York,bC. Scribner’s sonsc1928 aviii, 360 pb20 cm aPart.1. Initiation Of The Canteen (Page-1), Part.2. Son Of Sleeping Dove (Page-105),Part.3. Soames Give Advice (Page-223). aGalsworthy, John,9112580 aNovel92525 2ddccBK c186807d186807 00102ddc4070aMCSbMCScFICd2016-12-12o823,GALpMCS29897r2016-12-08w2016-12-12yBKzAlmirah No.57, Shelf No.5